[Event "World Blitz Final"]
[Site "Astana KAZ"]
[Date "2012.07.10"]
[Round "20"]
[White "Grischuk, A."]
[Black "Kotsur, P."]
[Result "1/2-1/2"]
[WhiteElo "2763"]
[BlackElo "2548"]
[PlyCount "53"]
[EventDate "2012.07.01"]

1. e4 e5 2. Nf3 Nc6 3. Bb5 a6 4. Ba4 Nf6 5. O-O Be7 6. d3 b5 7. Bb3 d6 8. a4 b4
9. a5 O-O 10. Nbd2 Rb8 11. Re1 Be6 12. Bc4 Bxc4 13. Nxc4 Rb5 14. b3 Nd7 15. Bb2
Bf6 16. d4 exd4 17. Nxd4 Nxd4 18. Bxd4 Re8 19. h3 h6 20. Re3 Bxd4 21. Qxd4 Qf6
22. Qxf6 Nxf6 23. Rae1 Nd7 24. f4 Kf8 25. Kf2 Nb8 26. Rd1 Nc6 27. Rd5 1/2-1/2

[Event "World Blitz Final"]
[Site "Astana KAZ"]
[Date "2012.07.10"]
[Round "20"]
[White "Chadaev, N."]
[Black "Andreikin, D."]
[Result "0-1"]
[WhiteElo "2580"]
[BlackElo "2700"]
[PlyCount "55"]
[EventDate "2012.07.01"]

1. d4 Nf6 2. Nf3 c5 3. d5 e6 4. Nc3 d6 5. dxe6 Bxe6 6. e4 Be7 7. Bb5+ Nc6 8.
O-O O-O 9. h3 d5 10. exd5 Nxd5 11. Nxd5 Qxd5 12. Qxd5 Bxd5 13. c3 a6 14. Be2
Rfe8 15. Be3 Rad8 16. Rfd1 h6 17. Kf1 Be6 18. a3 Bb3 19. Rxd8 Rxd8 20. Nd2 Be6
21. Ne4 c4 22. Bb6 Rd7 23. Rd1 Ne5 24. Rxd7 Nxd7 25. Bd4 b5 26. Bf3 f5 27. Nd2
Bc5 28. Bb7 0-1

[Event "World Blitz Final"]
[Site "Astana KAZ"]
[Date "2012.07.10"]
[Round "20"]
[White "Bologan, V."]
[Black "Jumabayev, R."]
[Result "1-0"]
[WhiteElo "2732"]
[BlackElo "2525"]
[PlyCount "43"]
[EventDate "2012.07.01"]

1. e4 e5 2. Nf3 Nc6 3. Bc4 Bc5 4. O-O Nf6 5. d3 d6 6. c3 O-O 7. Bg5 h6 8. Bh4
Na5 9. Bb5 Bb6 10. Nbd2 Qe7 11. d4 c5 12. d5 c4 13. b4 cxb3 14. axb3 g5 15. Bg3
Nxd5 16. exd5 f5 17. b4 f4 18. bxa5 Bc7 19. Qc2 fxg3 20. Qg6+ Qg7 21. Qxg7+
Kxg7 22. hxg3 1-0

[Event "World Blitz Final"]
[Site "Astana KAZ"]
[Date "2012.07.10"]
[Round "20"]
[White "Svidler, P."]
[Black "Mamedyarov, S."]
[Result "1/2-1/2"]
[WhiteElo "2749"]
[BlackElo "2726"]
[PlyCount "54"]
[EventDate "2012.07.01"]

1. e4 e5 2. Nf3 d6 3. d4 exd4 4. Nxd4 Nf6 5. Nc3 Be7 6. g3 d5 7. e5 Ng4 8. e6
Nf6 9. exf7+ Kxf7 10. Bg2 c6 11. O-O Re8 12. Nce2 Na6 13. a3 Nc5 14. c4 Kg8 15.
cxd5 Nxd5 16. Qc2 a5 17. Rd1 Qb6 18. Nf4 Nxf4 19. Bxf4 Bf6 20. Be3 Bg4 21. Rdc1
Rxe3 22. fxe3 Bxd4 23. exd4 Nb3 24. Qf2 Rf8 25. Qe3 Nxa1 26. Rxa1 Qxb2 27. Re1
Bh5 1/2-1/2

[Event "World Blitz Final"]
[Site "Astana KAZ"]
[Date "2012.07.10"]
[Round "20"]
[White "Ivanchuk, V."]
[Black "Carlsen, M."]
[Result "0-1"]
[WhiteElo "2769"]
[BlackElo "2837"]
[PlyCount "39"]
[EventDate "2012.07.01"]

1. Nf3 g6 2. e4 Bg7 3. d4 d6 4. Be2 a6 5. c4 c5 6. Nc3 cxd4 7. Nxd4 Nc6 8. Be3
Nf6 9. O-O O-O 10. Rc1 Bd7 11. Nb3 Rc8 12. f4 Be6 13. Kh1 Na5 14. Nxa5 Qxa5 15.
b3 b5 16. f5 Bd7 17. fxg6 hxg6 18. e5 dxe5 19. Qxd7 Rfd8 20. Qxe7 0-1

[Event "World Blitz Final"]
[Site "Astana KAZ"]
[Date "2012.07.10"]
[Round "21"]
[White "Ivanchuk, V."]
[Black "Morozevich, A."]
[Result "1/2-1/2"]
[WhiteElo "2769"]
[BlackElo "2770"]
[PlyCount "102"]
[EventDate "2012.07.01"]

1. d4 d5 2. c4 e5 3. dxe5 d4 4. Nf3 Nc6 5. g3 Nge7 6. Bg2 Ng6 7. O-O Ngxe5 8.
Nxe5 Nxe5 9. Na3 Be7 10. Nb5 O-O 11. Nxd4 Nxc4 12. b3 Bf6 13. bxc4 Bxd4 14. Rb1
Qf6 15. e3 Bb6 16. Bb2 Qe7 17. Qb3 c6 18. Qc3 f6 19. Ba3 Bc5 20. Bxc5 Qxc5 21.
Rfd1 Rb8 22. Qd4 Qxd4 23. exd4 Rd8 24. Bxc6 Bg4 25. f3 bxc6 26. Rxb8 Rxb8 27.
fxg4 Kf7 28. Rd2 Rb1+ 29. Kg2 Rc1 30. c5 Ke6 31. Re2+ Kd5 32. Re7 g5 33. Rd7+
Ke4 34. Rxh7 Rc2+ 35. Kh3 Rxa2 36. Rf7 Rf2 37. Rxa7 Kxd4 38. Ra1 Kxc5 39. Rc1+
Kd5 40. Rd1+ Ke6 41. Rc1 Kd7 42. Rd1+ Kc7 43. Rc1 Rd2 44. Rf1 c5 45. Rxf6 c4
46. Rf5 Kd6 47. Rxg5 c3 48. Rg8 Kd7 49. Rg5 Kd6 50. Rg8 Kd7 51. Rg5 Kd6 1/2-1/2

[Event "World Blitz Final"]
[Site "Astana KAZ"]
[Date "2012.07.10"]
[Round "21"]
[White "Carlsen, M."]
[Black "Svidler, P."]
[Result "0-1"]
[WhiteElo "2837"]
[BlackElo "2749"]
[PlyCount "98"]
[EventDate "2012.07.01"]

1. e4 c5 2. Nf3 e6 3. g3 Nc6 4. Bg2 g6 5. d4 cxd4 6. Nxd4 Qb6 7. Nxc6 bxc6 8.
Be3 Qc7 9. O-O Bg7 10. Bc5 d5 11. Nd2 Nf6 12. Re1 Bf8 13. Bxf8 Kxf8 14. c4 Kg7
15. Rc1 dxe4 16. c5 Rd8 17. Qc2 e5 18. Nc4 Be6 19. Nd6 Bd5 20. Qc3 Rxd6 21.
cxd6 Qxd6 22. Red1 a5 23. Bf1 h5 24. Be2 a4 25. h4 Rb8 26. Rd2 Rb4 27. Qe3 Qb8
28. Rcc2 Bxa2 29. Rxc6 Rxb2 30. Rxb2 Qxb2 31. Kf1 Bd5 32. Rc1 a3 33. Qc3 Qxc3
34. Rxc3 a2 35. Ra3 Ng4 36. Bxg4 hxg4 37. Ke2 f5 38. Ke3 Kf6 39. Ra6+ Ke7 40.
Kd2 f4 41. Ke1 Kd7 42. Kd2 Kc7 43. gxf4 exf4 44. Kc3 g3 45. fxg3 fxg3 46. Kb2
g2 47. Rxg6 e3 48. Rg7+ Kd6 49. Rg6+ Ke7 0-1

[Event "World Blitz Final"]
[Site "Astana KAZ"]
[Date "2012.07.10"]
[Round "21"]
[White "Mamedyarov, S."]
[Black "Bologan, V."]
[Result "1-0"]
[WhiteElo "2726"]
[BlackElo "2732"]
[PlyCount "79"]
[EventDate "2012.07.01"]

1. d4 Nf6 2. c4 g6 3. Nc3 Bg7 4. e4 d6 5. Be2 e5 6. Nf3 Nbd7 7. d5 Nc5 8. Qc2
a5 9. Be3 Ng4 10. Bd2 Bh6 11. Bxh6 Nxh6 12. Qd2 Ng4 13. h3 Nf6 14. Qe3 O-O 15.
b3 Nh5 16. Nxe5 Qf6 17. Bxh5 Qxe5 18. Bf3 Bd7 19. O-O Rae8 20. Rfe1 Re7 21. Re2
Rfe8 22. Rae1 Kg7 23. Qd2 Qf6 24. Re3 Kg8 25. Bg4 Bxg4 26. hxg4 Qg5 27. Qe2 Kg7
28. g3 h5 29. gxh5 gxh5 30. Kg2 h4 31. Rh1 Rh8 32. Rf3 Qg6 33. Rf4 h3+ 34. Rxh3
Rxh3 35. Kxh3 f5 36. Rh4 Nxe4 37. Nxe4 Rxe4 38. Qxe4 fxe4 39. Rg4 Kf6 40. Rxg6+
1-0

[Event "World Blitz Final"]
[Site "Astana KAZ"]
[Date "2012.07.10"]
[Round "21"]
[White "Jumabayev, R."]
[Black "Chadaev, N."]
[Result "1-0"]
[WhiteElo "2525"]
[BlackElo "2580"]
[PlyCount "183"]
[EventDate "2012.07.01"]

1. Nf3 g6 2. d4 Bg7 3. g3 Nf6 4. Bg2 O-O 5. c4 d6 6. O-O Nc6 7. Nc3 Bd7 8. b3
e5 9. e3 Re8 10. d5 e4 11. dxc6 Bg4 12. cxb7 Rb8 13. Bb2 Rxb7 14. Nxe4 Nxe4 15.
Bxg7 Kxg7 16. h3 Bd7 17. Qd4+ Qf6 18. Rac1 Rb6 19. Rfd1 a5 20. c5 Rb4 21. Qxf6+
Kxf6 22. cxd6 cxd6 23. Rc7 Re7 24. Nd2 Nxd2 25. Rxd2 Rb6 26. Ra7 a4 27. bxa4
Be6 28. Rxe7 Kxe7 29. g4 Rb1+ 30. Kh2 Rb4 31. Bc6 Bd7 32. Bxd7 Kxd7 33. Rd4 Rb2
34. Kg3 Rxa2 35. g5 Ke6 36. h4 d5 37. Rb4 Ke5 38. Rf4 Ke6 39. Rf6+ Ke7 40. Ra6
Kd7 41. Ra7+ Ke6 42. a5 Ra4 43. a6 d4 44. exd4 Rxd4 45. Ra8 Ra4 46. a7 Ke7 47.
f3 Ra1 48. Kf4 Ra4+ 49. Ke3 Ra3+ 50. Ke4 Ra1 51. Ke3 Ra3+ 52. Kf4 Ra4+ 53. Kg3
Ra3 54. Kg4 Ra4+ 55. f4 Ra1 56. h5 Ra4 57. h6 Ra1 58. Kf3 Ra3+ 59. Ke4 Ra4+ 60.
Kd3 Ra1 61. Kc2 Ra4 62. Kb3 Ra1 63. Kb2 Ra4 64. Kb3 Ra1 65. Kb4 Rb1+ 66. Kc5
Rc1+ 67. Kb6 Rb1+ 68. Kc6 Rc1+ 69. Kd5 Rd1+ 70. Ke4 Ra1 71. Kf3 Ra3+ 72. Kg4
Ra4 73. Kg3 Ra3+ 74. Kf2 Ra2+ 75. Ke3 Ra3+ 76. Kd2 Ra2+ 77. Kc3 Ra1 78. Kc4
Rc1+ 79. Kd5 Ra1 80. Kc5 Rc1+ 81. Kd4 Ra1 82. Ke3 Ra3+ 83. Ke4 Ra4+ 84. Kf3
Ra3+ 85. Kg4 Ra1 86. Kg3 Ra3+ 87. Kf2 Ra2+ 88. Ke3 Ra3+ 89. Kd4 Ra4+ 90. Kd5
Ra1 91. f5 gxf5 92. g6 1-0

[Event "World Blitz Final"]
[Site "Astana KAZ"]
[Date "2012.07.10"]
[Round "21"]
[White "Andreikin, D."]
[Black "Topalov, V."]
[Result "1-0"]
[WhiteElo "2700"]
[BlackElo "2752"]
[PlyCount "65"]
[EventDate "2012.07.01"]

1. c4 c5 2. Nf3 g6 3. d4 cxd4 4. Nxd4 Nc6 5. e4 Nf6 6. Nc3 Bg7 7. Be3 d6 8. Be2
O-O 9. O-O a6 10. Rc1 Nxd4 11. Bxd4 Bh6 12. f4 Be6 13. b3 Rc8 14. Bd3 Bd7 15.
Nd5 Nxd5 16. exd5 b5 17. f5 bxc4 18. bxc4 Rb8 19. Qc2 Bg7 20. Bxg7 Kxg7 21.
Rce1 Re8 22. Re3 Qb6 23. Qf2 f6 24. fxg6 hxg6 25. Qg3 g5 26. h4 Qd4 27. hxg5 f5
28. Rf4 Qa1+ 29. Re1 Qc3 30. Qh3 Kg8 31. Re3 Qa1+ 32. Kh2 Qg7 33. Bxf5 1-0

[Event "World Blitz Final"]
[Site "Astana KAZ"]
[Date "2012.07.10"]
[Round "21"]
[White "Gelfand, B."]
[Black "Le Quang Liem"]
[Result "0-1"]
[WhiteElo "2738"]
[BlackElo "2693"]
[PlyCount "42"]
[EventDate "2012.07.01"]

1. c4 Nf6 2. Nc3 g6 3. e4 c5 4. Nf3 Nc6 5. d4 cxd4 6. Nxd4 Bg7 7. Be3 O-O 8.
Be2 d6 9. O-O Bd7 10. Qd2 Nxd4 11. Bxd4 Bc6 12. f3 Nd7 13. Be3 a5 14. b3 Nc5
15. Rab1 Qb6 16. Rfc1 Rfc8 17. Kh1 Qb4 18. Qe1 a4 19. a3 Qxa3 20. b4 Nb3 21.
Rc2 Qxb4 0-1

[Event "World Blitz Final"]
[Site "Astana KAZ"]
[Date "2012.07.10"]
[Round "21"]
[White "Karjakin, Sergey"]
[Black "Grischuk, A."]
[Result "1/2-1/2"]
[WhiteElo "2779"]
[BlackElo "2763"]
[PlyCount "87"]
[EventDate "2012.07.01"]

1. e4 c6 2. d4 d5 3. e5 Bf5 4. Nf3 e6 5. Be2 Ne7 6. O-O h6 7. Nbd2 Nd7 8. Nb3
Bg6 9. a4 Nf5 10. a5 Rc8 11. c4 Be7 12. cxd5 cxd5 13. Bd3 O-O 14. g4 Nh4 15.
Nxh4 Bxh4 16. Bxg6 fxg6 17. Qd3 g5 18. Kg2 Qc7 19. Be3 Qc2 20. Qxc2 Rxc2 21.
Rab1 b6 22. a6 Nb8 23. Rfc1 Re2 24. Re1 Rfxf2+ 25. Bxf2 Rxf2+ 26. Kh1 Nxa6 27.
Rf1 Re2 28. Ra1 Nb4 29. Rxa7 Nd3 30. Nc1 Nf2+ 31. Kg2 Rxb2 32. Ra2 Rxa2 33.
Nxa2 Nxg4 34. Rf3 h5 35. Rb3 Kf7 36. h3 Nh6 37. Nb4 g4 38. Nc6 gxh3+ 39. Kxh3
Nf5 40. Rxb6 Ke8 41. Nb4 Kf7 42. Nc6 Ke8 43. Nb4 Kf7 44. Nc6 1/2-1/2

[Event "World Blitz Final"]
[Site "Astana KAZ"]
[Date "2012.07.10"]
[Round "21"]
[White "Kotsur, P."]
[Black "Radjabov, T."]
[Result "0-1"]
[WhiteElo "2548"]
[BlackElo "2788"]
[PlyCount "95"]
[EventDate "2012.07.01"]

1. e4 c5 2. Nf3 Nc6 3. c3 Nf6 4. e5 Nd5 5. d4 cxd4 6. Bc4 Nb6 7. Bb3 d5 8. cxd4
Bg4 9. Be3 e6 10. Nbd2 Be7 11. h3 Bf5 12. O-O Rc8 13. a3 Na5 14. Ba2 Nac4 15.
Nxc4 dxc4 16. Bb1 Bxb1 17. Rxb1 O-O 18. Rc1 Nd5 19. Qa4 Qb6 20. Rxc4 Rxc4 21.
Qxc4 Qxb2 22. a4 h6 23. Rc1 a6 24. Rc2 Qb1+ 25. Rc1 Qb2 26. Rc2 Qb6 27. Nd2 Qa5
28. Kh2 b5 29. axb5 axb5 30. Qb3 Rb8 31. Ne4 Qa4 32. Qd3 b4 33. Rb2 Ra8 34. Rb3
Qa2 35. Bxh6 Ra3 36. Rxa3 Qxa3 37. Qxa3 bxa3 38. Bc1 Bb4 39. Nc5 a2 40. Bb2 Bc3
41. Bxc3 Nxc3 42. Nb3 Ne2 43. Na1 Kh7 44. g3 Kg6 45. Kg2 Nxd4 46. f4 Kf5 47.
Kf2 Ke4 48. h4 0-1

[Event "World Blitz Final"]
[Site "Astana KAZ"]
[Date "2012.07.10"]
[Round "22"]
[White "Morozevich, A."]
[Black "Kotsur, P."]
[Result "1-0"]
[WhiteElo "2770"]
[BlackElo "2548"]
[PlyCount "77"]
[EventDate "2012.07.01"]

1. d4 Nf6 2. c4 e6 3. Nc3 Bb4 4. Qc2 c5 5. dxc5 Bxc5 6. Nf3 Qb6 7. e3 Qc7 8. g4
h6 9. Rg1 Bf8 10. h4 h5 11. g5 Ng4 12. b3 a6 13. Bb2 b6 14. O-O-O Bb7 15. Qe2
b5 16. Nd4 bxc4 17. bxc4 Nc6 18. Nb3 Rc8 19. f3 Nge5 20. f4 Ng4 21. Kb1 Na5 22.
Rd4 Nxb3 23. axb3 Bc5 24. Rd3 Bc6 25. Bg2 Bxg2 26. Rxg2 Qb7 27. Ka2 Nxe3 28.
Rxe3 Bxe3 29. Nd5 exd5 30. Qxe3+ Kf8 31. Qd4 dxc4 32. Qxg7+ Ke7 33. Re2+ Kd6
34. Qf6+ Kc5 35. Ba3+ Kb5 36. bxc4+ Ka4 37. Rb2 Qc6 38. Rb4+ Ka5 39. Qc3 1-0

[Event "World Blitz Final"]
[Site "Astana KAZ"]
[Date "2012.07.10"]
[Round "22"]
[White "Grischuk, A."]
[Black "Gelfand, B."]
[Result "1-0"]
[WhiteElo "2763"]
[BlackElo "2738"]
[PlyCount "141"]
[EventDate "2012.07.01"]

1. e4 e6 2. d4 d5 3. e5 c5 4. c3 Nc6 5. Nf3 Bd7 6. Be2 Nge7 7. O-O Ng6 8. g3
Be7 9. h4 O-O 10. h5 Nh8 11. dxc5 f6 12. exf6 Bxf6 13. c4 Nf7 14. Nc3 Bxc3 15.
bxc3 dxc4 16. Bxc4 Nfe5 17. Be2 Nxf3+ 18. Bxf3 Rf7 19. Bg2 Na5 20. Bf4 Bc6 21.
Qxd8+ Rxd8 22. Rfe1 Bxg2 23. Kxg2 Re8 24. Rad1 Nc6 25. h6 gxh6 26. Bxh6 e5 27.
Re4 Rf6 28. Be3 Rfe6 29. Kf3 Rf6+ 30. Ke2 Rfe6 31. Rg4+ Rg6 32. Rh4 Re7 33. Kf3
Rf7+ 34. Ke4 Re7 35. Rd6 Kg7 36. Rh1 Rf7 37. Rh4 Re7 38. Rh5 Rf7 39. Rh1 Rg4+
40. Kd3 Rg6 41. Kc4 Rg4+ 42. Kd3 Rg6 43. Rxg6+ hxg6 44. Ke4 Rd7 45. Bh6+ Kg8
46. Be3 Kg7 47. a4 Rd8 48. Bh6+ Kf6 49. Be3 Kg7 50. f4 exf4 51. Bxf4 Rd7 52.
Bd6 Kf6 53. Kd5 Kf5 54. Rb1 Nd8 55. Rb4 g5 56. g4+ Kg6 57. Re4 Nc6 58. Re8 Rf7
59. Rg8+ Kh6 60. Ke6 Rf3 61. Kd7 Rxc3 62. Kc7 Na5 63. Bf8+ Kh7 64. Rxg5 Rc4 65.
Rg7+ Kh8 66. Rg5 Rxa4 67. Bd6 Rc4 68. Kd7 b6 69. cxb6 axb6 70. Ke6 Kh7 71. Kf7
1-0

[Event "World Blitz Final"]
[Site "Astana KAZ"]
[Date "2012.07.10"]
[Round "22"]
[White "Le Quang Liem"]
[Black "Andreikin, D."]
[Result "1/2-1/2"]
[WhiteElo "2693"]
[BlackElo "2700"]
[PlyCount "137"]
[EventDate "2012.07.01"]

1. c4 Nf6 2. g3 c5 3. Bg2 Nc6 4. Nf3 d6 5. d4 cxd4 6. Nxd4 Bd7 7. O-O g6 8. Nc3
Bg7 9. Nxc6 Bxc6 10. e4 O-O 11. Qe2 Nd7 12. Bd2 a5 13. b3 Nc5 14. Rab1 Qb6 15.
Nd5 Qd8 16. Bg5 Re8 17. Qd2 Ne6 18. Be3 Nc5 19. Rfe1 b6 20. Rbd1 Ra7 21. h4 Rd7
22. f3 e6 23. Nc3 Qb8 24. h5 gxh5 25. Bh6 Qd8 26. Ne2 Qf6 27. Bg5 Qb2 28. Nf4
Qxd2 29. Rxd2 h6 30. Bh4 Bc3 31. Red1 Bxd2 32. Rxd2 f5 33. exf5 exf5 34. Nxh5
Rf7 35. Nf6+ Rxf6 36. Bxf6 Re6 37. Bd4 Kf7 38. Kf2 Nd7 39. Bh3 Kg6 40. g4 f4
41. g5 Re7 42. gxh6 Kxh6 43. Bxb6 Ne5 44. Rxd6+ Kh5 45. Bd8 Rg7 46. Re6 Nd3+
47. Ke2 Bxf3+ 48. Kxd3 Rd7+ 49. Kc3 Rxd8 50. Rf6 Be2 51. Be6 Bg4 52. Bd5 Kg5
53. Rf7 Re8 54. Kd4 Re2 55. c5 Rxa2 56. c6 Rc2 57. Be4 Rc1 58. Ke5 f3 59. Rg7+
Kh4 60. Kf4 Bh5 61. Bxf3 Bxf3 62. Kxf3 Rxc6 63. Ke4 Rb6 64. Ra7 Rb4+ 65. Kd5
Rxb3 66. Rxa5 Rg3 67. Ra4+ Rg4 68. Rxg4+ Kxg4 69. Ke4 1/2-1/2

[Event "World Blitz Final"]
[Site "Astana KAZ"]
[Date "2012.07.10"]
[Round "22"]
[White "Topalov, V."]
[Black "Jumabayev, R."]
[Result "1/2-1/2"]
[WhiteElo "2752"]
[BlackElo "2525"]
[PlyCount "129"]
[EventDate "2012.07.01"]

1. d4 d5 2. c4 c6 3. Nf3 Nf6 4. e3 Bf5 5. Nc3 e6 6. Nh4 Bg6 7. Nxg6 hxg6 8. Bd3
Bd6 9. h3 Nbd7 10. O-O O-O 11. Qc2 dxc4 12. Bxc4 c5 13. dxc5 Nxc5 14. Rd1 Qe7
15. Bd2 Rac8 16. Be1 Be5 17. Rac1 a6 18. Qb1 g5 19. Be2 b5 20. Bf3 b4 21. Ne2
a5 22. Nd4 Bxd4 23. exd4 Na4 24. Bd2 Nd5 25. Rxc8 Rxc8 26. Rc1 Rd8 27. Rc6 Nab6
28. Qc1 f6 29. b3 Na8 30. Qc5 Qd7 31. Qxa5 Qxc6 32. Qxd8+ Kh7 33. Bxd5 exd5 34.
Qa5 Nc7 35. Qc5 Qd7 36. Qxb4 Ne6 37. Qc3 Qb5 38. Qc2+ Kh6 39. Be3 Qb4 40. Qd2
Qxd2 41. Bxd2 Nxd4 42. Kf1 Kg6 43. g4 Kf7 44. Be3 Nc6 45. Ke2 d4 46. Bd2 Ke6
47. a4 Kd5 48. f3 Ne5 49. a5 Kc5 50. f4 gxf4 51. Bxf4 Nc6 52. Bd2 Ne5 53. g5
fxg5 54. Bxg5 Kb5 55. Bd2 g6 56. h4 Kc5 57. Be1 Kb5 58. Bg3 Nc6 59. Be1 Ne5 60.
Kd1 Nf3 61. Bd2 Nxh4 62. Ke2 Nf5 63. Kd3 g5 64. Bxg5 Kxa5 65. Ke4 1/2-1/2

[Event "World Blitz Final"]
[Site "Astana KAZ"]
[Date "2012.07.10"]
[Round "22"]
[White "Chadaev, N."]
[Black "Mamedyarov, S."]
[Result "1-0"]
[WhiteElo "2580"]
[BlackElo "2726"]
[PlyCount "108"]
[EventDate "2012.07.01"]

1. e4 g6 2. d4 d6 3. Nf3 Nf6 4. Nc3 Bg7 5. Be2 O-O 6. O-O c6 7. Re1 Qc7 8. h3
e5 9. a4 Re8 10. dxe5 dxe5 11. Be3 Na6 12. Nd2 Nb4 13. Bc5 Bf8 14. Be3 Be6 15.
Bc4 Rad8 16. Bxe6 Rxe6 17. Qc1 Na6 18. Nc4 Bc5 19. Bxc5 Nxc5 20. Qe3 Rd4 21.
Nd2 Qb6 22. Nf3 Ncxe4 23. a5 Qxb2 24. Na4 Qxc2 25. Nxd4 exd4 26. Qxd4 c5 27.
Qb2 Qxb2 28. Nxb2 Rd6 29. Rad1 b5 30. axb6 axb6 31. f3 Rxd1 32. Rxd1 Nc3 33.
Rd6 Nfd5 34. Rc6 Kf8 35. Nc4 b5 36. Nd6 c4 37. Rc5 Ne2+ 38. Kf2 Nef4 39. Kf1 c3
40. Nxb5 Nd3 41. Rc8+ Ke7 42. Nxc3 Kd7 43. Ra8 Nxc3 44. Ra3 Nd5 45. Rxd3 Ke6
46. g3 h5 47. Rd4 Ne7 48. Re4+ Kf6 49. Kf2 Nf5 50. Ra4 Kg5 51. f4+ Kf6 52. Ra6+
Ke7 53. Kf3 Nd4+ 54. Ke4 Ne6 1-0

[Event "World Blitz Final"]
[Site "Astana KAZ"]
[Date "2012.07.10"]
[Round "22"]
[White "Bologan, V."]
[Black "Carlsen, M."]
[Result "1/2-1/2"]
[WhiteElo "2732"]
[BlackElo "2837"]
[PlyCount "109"]
[EventDate "2012.07.01"]

1. e4 e5 2. Nf3 Nc6 3. Bb5 Nf6 4. O-O Nxe4 5. d4 Nd6 6. Bxc6 dxc6 7. dxe5 Nf5
8. Qxd8+ Kxd8 9. Rd1+ Ke8 10. Nc3 Ne7 11. h3 Ng6 12. Ne2 Be6 13. Ned4 Bd5 14.
b3 Rd8 15. Bg5 Be7 16. Bxe7 Nxe7 17. c4 Bxf3 18. Nxf3 Ng6 19. Kf1 Ke7 20. g3 c5
21. Ke2 a5 22. a4 Rxd1 23. Rxd1 Nf8 24. Nh4 g6 25. f4 Ne6 26. Nf3 h5 27. Ke3
Ng7 28. Ke4 b6 29. Rd2 Rh6 30. Ng5 Nf5 31. Rd3 Nd4 32. Nf3 Nc6 33. f5 gxf5+ 34.
Kxf5 Rg6 35. g4 hxg4 36. hxg4 Rh6 37. Rd2 Rh3 38. Kf4 Rh1 39. g5 Rf1 40. Kg4
Rb1 41. Rd3 Nb4 42. Re3 Rd1 43. e6 fxe6 44. Ne5 Nc2 45. Rh3 Rg1+ 46. Kf4 Rf1+
47. Ke4 Re1+ 48. Kf4 Rf1+ 49. Ke4 Re1+ 50. Kf4 Kd6 51. Nf7+ Ke7 52. Ne5 Rf1+
53. Ke4 Re1+ 54. Kf4 Rf1+ 55. Ke4 1/2-1/2

[Event "World Blitz Final"]
[Site "Astana KAZ"]
[Date "2012.07.10"]
[Round "22"]
[White "Svidler, P."]
[Black "Ivanchuk, V."]
[Result "1-0"]
[WhiteElo "2749"]
[BlackElo "2769"]
[PlyCount "71"]
[EventDate "2012.07.01"]

1. e4 e5 2. Nf3 Nc6 3. Bb5 a6 4. Ba4 Nf6 5. O-O Nxe4 6. d4 b5 7. Bb3 d5 8. dxe5
Be6 9. Nbd2 Nc5 10. c3 Bg4 11. Bc2 Ne6 12. Re1 Bc5 13. Nf1 O-O 14. h3 Bh5 15.
Ng3 Bg6 16. Bb3 Ne7 17. h4 h6 18. h5 Bh7 19. Nd4 Bb6 20. Be3 c5 21. Nf3 d4 22.
cxd4 cxd4 23. Bd2 Nd5 24. Rc1 Ndf4 25. Bxf4 Nxf4 26. Rc6 Ba5 27. Rd6 Qe7 28.
Qxd4 Bxe1 29. Qxf4 Ba5 30. Nf5 Qc7 31. Nxg7 Kxg7 32. Qxh6+ Kg8 33. Qg5+ Kh8 34.
Qf6+ Kg8 35. h6 Qc1+ 36. Kh2 1-0

[Event "World Blitz Final"]
[Site "Astana KAZ"]
[Date "2012.07.10"]
[Round "23"]
[White "Svidler, P."]
[Black "Morozevich, A."]
[Result "0-1"]
[WhiteElo "2749"]
[BlackElo "2770"]
[PlyCount "106"]
[EventDate "2012.07.01"]

1. c4 e6 2. g3 d5 3. Bg2 c6 4. Qc2 Nf6 5. b3 e5 6. Bb2 Bd6 7. d3 O-O 8. Nf3 Re8
9. O-O Nbd7 10. e3 Nf8 11. Nc3 Ng6 12. cxd5 cxd5 13. Nb5 Bf5 14. Nxd6 Qxd6 15.
Qd2 Qd7 16. Rfc1 Bh3 17. Rc2 Bxg2 18. Kxg2 h5 19. Rac1 h4 20. h3 hxg3 21. fxg3
e4 22. dxe4 Nxe4 23. Qd4 f6 24. Ba3 Rad8 25. Rc7 Qb5 26. R1c2 Rd7 27. Rxd7 Qxd7
28. Qxa7 Qf5 29. g4 Qd7 30. Qd4 Ne5 31. Nxe5 Rxe5 32. Qb6 Kh7 33. Rc7 Qe8 34.
Bb2 Re6 35. Qxb7 Qg6 36. Qxd5 Rd6 37. Qh5+ Qxh5 38. gxh5 Rd2+ 39. Kf3 Ng5+ 40.
Kg4 Rxb2 41. Ra7 Re2 42. a4 Rxe3 43. Rb7 Re4+ 44. Kf5 Re5+ 45. Kg4 Ne6 46. b4
f5+ 47. Kf3 Re4 48. a5 Nd4+ 49. Kf2 f4 50. a6 Re2+ 51. Kf1 f3 52. a7 Nf5 53.
Rf7 Ng3+ 0-1

[Event "World Blitz Final"]
[Site "Astana KAZ"]
[Date "2012.07.10"]
[Round "23"]
[White "Carlsen, M."]
[Black "Chadaev, N."]
[Result "1-0"]
[WhiteElo "2837"]
[BlackElo "2580"]
[PlyCount "85"]
[EventDate "2012.07.01"]

1. e4 e5 2. f4 d5 3. exd5 exf4 4. Nf3 Nf6 5. c4 c6 6. d4 cxd5 7. c5 Nc6 8. Bb5
Be7 9. O-O O-O 10. Bxf4 Bg4 11. Nc3 Ne4 12. Qd3 Bf5 13. Qe3 Bf6 14. Bxc6 bxc6
15. Ne5 Bxe5 16. Bxe5 Bg6 17. Nxe4 Bxe4 18. Qg3 f6 19. Bd6 Re8 20. b4 Bg6 21.
a4 a6 22. h4 Qd7 23. h5 Bxh5 24. Rxf6 Qg4 25. Qxg4 Bxg4 26. Rf4 Bh5 27. Raf1 h6
28. Be5 Ra7 29. b5 axb5 30. axb5 cxb5 31. c6 Raa8 32. c7 Kh7 33. Rb1 Be2 34.
Rf7 Rg8 35. Re7 Bc4 36. Kh2 Rae8 37. Rd7 Ra8 38. Rb2 Raf8 39. g4 Ra8 40. Rf2 b4
41. Rff7 h5 42. Rxg7+ Rxg7 43. Rxg7+ 1-0

[Event "World Blitz Final"]
[Site "Astana KAZ"]
[Date "2012.07.10"]
[Round "23"]
[White "Mamedyarov, S."]
[Black "Topalov, V."]
[Result "1-0"]
[WhiteElo "2726"]
[BlackElo "2752"]
[PlyCount "109"]
[EventDate "2012.07.01"]

1. d4 Nf6 2. c4 g6 3. Nc3 Bg7 4. e4 d6 5. Be2 O-O 6. Bg5 c5 7. d5 e6 8. Qd2
exd5 9. cxd5 Re8 10. f3 a6 11. a4 b6 12. h4 h5 13. Nh3 Bxh3 14. Rxh3 Nbd7 15.
Rh1 Qc7 16. Kf2 Qb7 17. Rab1 Rec8 18. Rhc1 Ne8 19. b4 cxb4 20. Rxb4 Rc7 21. Nd1
Rxc1 22. Qxc1 Rc8 23. Qb1 Rc7 24. Be3 Qc8 25. Qb3 Nef6 26. Rc4 Rxc4 27. Qxc4
Nc5 28. Bxc5 bxc5 29. Qxa6 Qd8 30. g3 Ne8 31. Bb5 Bd4+ 32. Ke2 Ng7 33. Bc6 Kh7
34. Qb7 g5 35. Qd7 Qf6 36. hxg5 Qxg5 37. Qxd6 Qc1 38. Qf4 Qc4+ 39. Ke1 f6 40.
Bb5 Qb3 41. Ke2 c4 42. Qc1 c3 43. Bd3 Qb8 44. f4 Qc7 45. d6 Qc6 46. a5 f5 47.
Qc2 Qxd6 48. exf5 Qf6 49. a6 h4 50. Nxc3 Bxc3 51. a7 Qe7+ 52. Kf3 Qxa7 53. f6+
Kh6 54. Qxc3 hxg3 55. fxg7 1-0

[Event "World Blitz Final"]
[Site "Astana KAZ"]
[Date "2012.07.10"]
[Round "23"]
[White "Jumabayev, R."]
[Black "Le Quang Liem"]
[Result "0-1"]
[WhiteElo "2525"]
[BlackElo "2693"]
[PlyCount "88"]
[EventDate "2012.07.01"]

1. Nf3 d5 2. d4 Nf6 3. c4 e6 4. g3 Bb4+ 5. Bd2 Be7 6. Bg2 O-O 7. O-O c6 8. Bf4
Nbd7 9. Nc3 dxc4 10. e4 b5 11. d5 Qb6 12. d6 Bd8 13. b3 cxb3 14. axb3 a5 15. h4
Ba6 16. Re1 Ng4 17. Qd2 e5 18. Bg5 h6 19. Bxd8 Rfxd8 20. Bh3 Ngf6 21. g4 Nc5
22. Rab1 b4 23. Na4 Nxa4 24. bxa4 c5 25. Rbd1 c4 26. Nxe5 c3 27. Qf4 c2 28. Rc1
b3 29. g5 Qxd6 30. gxf6 Qxf6 31. Qxf6 gxf6 32. Nc6 Rd3 33. Bf1 Rc3 34. Ne7+ Kf8
35. Nd5 Rc6 36. Bb5 Bxb5 37. axb5 Rc5 38. b6 b2 39. Nxf6 bxc1=Q 40. Rxc1 Ke7
41. Nd5+ Kd6 42. Ne3 Kc6 43. Nxc2 Kb7 44. e5 a4 0-1

[Event "World Blitz Final"]
[Site "Astana KAZ"]
[Date "2012.07.10"]
[Round "23"]
[White "Andreikin, D."]
[Black "Grischuk, A."]
[Result "0-1"]
[WhiteElo "2700"]
[BlackElo "2763"]
[PlyCount "112"]
[EventDate "2012.07.01"]

1. c4 g6 2. d4 Nf6 3. Nc3 Bg7 4. e4 d6 5. Nf3 O-O 6. h3 e5 7. dxe5 dxe5 8. Qxd8
Rxd8 9. Bg5 Na6 10. Be2 h6 11. Be3 Re8 12. O-O-O c6 13. Rd6 Nd7 14. Rhd1 Nf8
15. Rd8 Rxd8 16. Rxd8 Nc7 17. c5 Nce6 18. Rd6 Nd7 19. b4 a5 20. a3 axb4 21.
axb4 Bf8 22. Rd2 Kg7 23. Bc4 Nc7 24. Ra2 Rxa2 25. Nxa2 Be7 26. Kc2 f6 27. Nc1
Nf8 28. Nb3 Nfe6 29. Ne1 f5 30. exf5 gxf5 31. Nd3 Bf6 32. f3 Nd5 33. Bd2 e4 34.
fxe4 fxe4 35. Ndc1 e3 36. Be1 Nef4 37. Bxd5 cxd5 38. Bc3 Bf5+ 39. Kb2 e2 40.
Nd4 e1=Q 41. Bxe1 Bxd4+ 42. Bc3 Bxc3+ 43. Kxc3 Nxg2 44. Kd4 Bxh3 45. Kxd5 Ne3+
46. Kd6 Bg2 47. Nd3 Nc4+ 48. Kc7 Kf6 49. b5 Be4 50. Nf2 Bf3 51. c6 bxc6 52.
bxc6 Ne5 53. Kd6 Nxc6 54. Nd3 Ne7 55. Ne1 Be4 56. Kc5 Ke5 0-1